书目信息 |
| 题名: |
意大利旅行Let's Go
|
|
| 作者: | ;亲历者编辑部 编著 | |
| 分册: | ||
| 出版信息: | 北京 中国铁道出版社 2013.06 |
|
| 页数: | 271页 | |
| 开本: | 21cm | |
| 丛书名: | 亲历者 | |
| 单 册: | ||
| 中图分类: | K954.69 | |
| 科图分类: | ||
| 主题词: | 旅游指南--意大利 , 旅游指南 | |
| 电子资源: | ||
| ISBN: | 978-7-113-16570-3 | |
| 000 | 01004oam2 2200313 450 | |
| 001 | 012013298674 | |
| 005 | 20140612101117.48 | |
| 010 | @a978-7-113-16570-3@dCNY48.00 | |
| 100 | @a20130730d2013 em y0chiy0110 ea | |
| 101 | 0 | @achi |
| 102 | @aCN@b110000 | |
| 105 | @aa z 001yy | |
| 106 | @ar | |
| 200 | 1 | @a意大利旅行Let's Go@9yi da li lu^ xing Let's Go@e最新畅销版@f《亲历者》编辑部编著 |
| 205 | @a3版 | |
| 210 | @a北京@c中国铁道出版社@d2013.06 | |
| 215 | @a271页@c图@d21cm | |
| 225 | 2 | @a亲历者 |
| 225 | 2 | @a旅游书架 |
| 330 | @a本书介绍了意大利8大热门旅游圈,包括罗马、米兰、佛罗伦萨、威尼斯、那不勒斯等。每个旅游圈中所介绍的景点,附上了详细的地址、电话、交通、门票、开放时间等资讯。 | |
| 333 | @a旅游爱好者 | |
| 461 | 0 | @12001 @a亲历者 |
| 461 | 0 | @12001 @a旅游书架 |
| 606 | 0 | @a旅游指南@y意大利 |
| 606 | 0 | @a旅游指南 |
| 690 | @aK954.69@v5 | |
| 711 | 02 | @a亲历者编辑部@9qin li zhe bian ji bu@4编著 |
| 801 | 0 | @aCN@b人天书店@c20130730 |
| 905 | @b549663-65@dK954.69@e298=3@f3 | |
| 意大利旅行Let's Go:最新畅销版/《亲历者》编辑部编著.-3版.-北京:中国铁道出版社,2013.06 |
| 271页:图;21cm.-(亲历者).-(旅游书架) |
| 使用对象:旅游爱好者 |
| ISBN 978-7-113-16570-3:CNY48.00 |
| 本书介绍了意大利8大热门旅游圈,包括罗马、米兰、佛罗伦萨、威尼斯、那不勒斯等。每个旅游圈中所介绍的景点,附上了详细的地址、电话、交通、门票、开放时间等资讯。 |
| ● |
| 相关链接 |
|
|
|
|
正题名:意大利旅行Let's Go
索取号:K954.69/298=3
 
预约/预借
| 序号 | 登录号 | 条形码 | 馆藏地/架位号 | 状态 | 备注 |
| 1 | 549663 | 205496630 | 第二样本阅览室/ [索取号:K954.69/298=3] | 在馆 | |
| 2 | 549664 | 205496649 | 第二借阅区/ [索取号:K954.69/298=3] | 在馆 | |
| 3 | 549665 | 205496658 | 密集书库-资源管理系/ [索取号:K954.69/298=3] | 在馆 |